Arizona medicaid : competition among managed care plans lowers program costs : report to the Chairman, Committee on Commerce, House of Representatives /

Bibliographic Details
Corporate Author: United States. General Accounting Office
Format: Government Document Microform Book
Language:English
Published: Washington, D.C. : The Office ; [1995]
Subjects:
Online Access:Adobe Acrobat Reader required

MARC

Tag First Indicator Second Indicator Subfields
LEADER 00000cam a2200000 a 4500
001 in00001403627
007 he bmb024bbca
008 970731s1995 dcua bb f000 0 eng c
005 20230331145550.0
035 |a (OCoLC)ocm37386778 
035 |9 AHM3206AM 
035 |a in00001403627 
037 |a 155296  |b GAO (202) 512-6000 (Voice); (301) 258-4066 (Fax)  |f paper copy 
040 |a GPO  |c GPO  |d DLC  |d MvI  |d UtOrBLW 
042 |a pcc 
043 |a n-us-az 
049 |a UMIC 
049 |a WWW 
074 |a 0546-D (MF) 
074 |a 0546-D (online) 
086 0 |a GA 1.13:HEHS-96-2 
088 |a GAO/HEHS-96-2 
088 |a B-261607 
110 1 |a United States.  |b General Accounting Office. 
245 1 0 |a Arizona medicaid :  |b competition among managed care plans lowers program costs : report to the Chairman, Committee on Commerce, House of Representatives /  |c United States General Accounting Office. 
246 3 0 |a Competition among managed care plans lowers program costs 
264 1 |a Washington, D.C. :  |b The Office ;  |c [1995] 
264 2 |a Gaithersburg, MD (P.O. Box 6015, Gaithersburg 20884-6015) :  |b The Office [distributor], 
300 |a 35 pages :  |b illustrations ;  |c 28 cm. 
336 |a text  |b txt  |2 rdacontent 
337 |a microform  |b h  |2 rdamedia 
338 |a microfiche  |b he  |2 rdacarrier 
500 |a Cover title. 
500 |a Shipping list number: 97-0683-M. 
500 |a "October 1995." 
500 |a Distributed to depository libraries in microfiche. 
504 |a Includes bibliographical references. 
500 |a "GAO/HEHS-96-2." 
500 |a "B-261607"--P. 1. 
533 |a Microfiche.  |b [Washington, D.C.] :  |c U.S. General Accounting Office,  |d [1997?]  |e 1 microfiche : negative. 
530 |a Also available via Internet from the GPO Access web site. Address as of 4/25/2001: http://frwebgate.access.gpo.gov/cgi-bin/getdoc.cgi?dbname=gao&docid=f:he96002.pdf; current access is available via PURL. 
500 |a Microform. 
650 0 |a Medicaid  |z Arizona  |x Cost control. 
650 0 |a Managed care plans (Medical care)  |z Arizona. 
610 2 0 |a Arizona Health Care Cost Containment System. 
856 4 1 |u https://purl.fdlp.gov/GPO/LPS11534  |z Adobe Acrobat Reader required  |t 0 
999 |a MARS 
999 f f |i dd1b8431-2c1b-3411-8785-d4888f3572ca  |s 8631ba7a-2b28-3707-a5bd-0dd30f17554f  |t 0 
952 f f |p normal  |a Texas A&M University  |b College Station  |c Sterling C. Evans Library  |d Evans: US Documents Microfiche (3rd floor)  |t 0  |e GA 1.13:HEHS-96-2  |h Superintendent of Documents classification  |i microform -- microfiche  |m A14821679219 
952 f f |a Texas A&M University  |b College Station  |c Electronic Resources  |d Available Online  |t 0  |e GA 1.13:HEHS-96-2  |h Superintendent of Documents classification 
998 f f |a GA 1.13:HEHS-96-2  |t 0  |l Available Online 
998 f f |a GA 1.13:HEHS-96-2  |t 0  |l Evans: US Documents Microfiche (3rd floor)